000 nam a22 7a 4500
999 _c52563
_d52563
003 OSt
005 20220624122904.0
008 220624b xxu||||| |||| 00| 0 eng d
040 _cIIMT UNIVERSITY MEERUT
100 _aGARG, RAVI NANDAN
245 _aMANUFACTURING PROCESS
260 _bBHARAT BHARTI
300 _a419
942 _2ddc
_c09